Проблема сжигания попутного нефтяного газа в Томской области; Энергетика: Эффективность, надежность, безопасность

Chi tiết về thư mục
Parent link:Энергетика: Эффективность, надежность, безопасность.— 2012.— [С. 268-271]
Tác giả chính: Бархатов А. Ф. Александр Федорович
Tóm tắt:Заглавие с титульного листа
Ngôn ngữ:Tiếng Nga
Được phát hành: 2012
Loạt:Экология и защита окружающей среды
Những chủ đề:
Truy cập trực tuyến:http://www.lib.tpu.ru/fulltext/c/2012/C15/104.pdf
Định dạng: Điện tử Chương của sách
KOHA link:https://koha.lib.tpu.ru/cgi-bin/koha/opac-detail.pl?biblionumber=233556

MARC

LEADER 00000naa2a2200000 4500
001 233556
005 20251218095020.0
035 |a (RuTPU)RU\TPU\book\254634 
035 |a RU\TPU\book\254632 
090 |a 233556 
100 |a 20130305d2012 k y0rusy50 ca 
101 0 |a rus 
102 |a RU 
135 |a drcn ---uucaa 
181 0 |a i  
182 0 |a b 
200 1 |a Проблема сжигания попутного нефтяного газа в Томской области  |f А. Ф. Бархатов 
203 |a Текст  |c электронный 
215 |a 1 файл (429 Кб) 
225 1 |a Экология и защита окружающей среды 
300 |a Заглавие с титульного листа 
320 |a [Библиогр.: с. 271 (5 назв.)] 
337 |a Adobe Reader 
463 1 |0 (RuTPU)RU\TPU\book\254143  |t Энергетика: Эффективность, надежность, безопасность  |o материалы XVIII Всероссийской научно-технической конференции, 5-7 декабря 2012 г., Томск  |f Национальный исследовательский Томский политехнический университет (ТПУ) ; ред. кол. В. В. Литвак [и др.]  |v [С. 268-271]  |d 2012 
610 1 |a труды учёных ТПУ 
610 1 |a электронный ресурс 
610 1 |a сжигание 
610 1 |a нефтяной газ 
610 1 |a Томская область 
700 1 |a Бархатов  |b А. Ф.  |c специалист в области транспорта и хранения нефти и газа  |c аспирант Томского политехнического университета  |f 1989-  |g Александр Федорович  |3 (RuTPU)RU\TPU\pers\29851 
801 1 |a RU  |b 63413507  |c 20120830 
801 2 |a RU  |b 63413507  |c 20140303  |g RCR 
856 4 |u http://www.lib.tpu.ru/fulltext/c/2012/C15/104.pdf 
942 |c CF